[Event "Villarrica op 2nd"]
[Site "Villarrica"]
[Date "2022.02.13"]
[Round "5"]
[White "Panaite, Adrian Maximilian"]
[Black "Frutos Gibbons, Carlos"]
[Result "0-1"]
[WhiteElo "1552"]
[BlackElo "1261"]
[PlyCount "56"]
[EventDate "2022.02.11"]
[EventType "swiss"]
[EventRounds "7"]
[EventCountry "PAR"]
[SourceTitle "EXT 2023"]
[Source "ChessBase"]
[SourceDate "2022.10.05"]
[SourceVersion "1"]
[SourceVersionDate "2022.10.05"]
[SourceQuality "1"]

1. d4 Nf6 2. Bf4 e6 3. e3 d5 4. Nd2 Nc6 5. Ngf3 Bd6 6. c3 Bxf4 7. exf4 0-0 8. Bd3 Ne7 9. Ne5 Ng6 10. g3 Nxe5 11. fxe5 Nd7 12. h4 f5 13. exf6 Qxf6 14. 0-0 e5 15. dxe5 Nxe5 16. Bc2 Bh3 17. f4 Ng4 18. Re1 Qb6+ 19. Kh1 Nf2+ 20. Kh2 Nxd1 21. Kxh3 Nf2+ 22. Kg2 Ng4 23. Kh3 h5 24. Bd1 Qf2 25. Bxg4 hxg4+ 26. Kxg4 Qxd2 27. Rad1 Qxb2 28. Rxd5 Qxa2 0-1

[Event "Villarrica op 2nd"]
[Site "Villarrica"]
[Date "2022.02.12"]
[Round "2"]
[White "Frutos Gibbons, Carlos"]
[Black "Lugo Martinez, Jimena Sofia"]
[Result "1-0"]
[WhiteElo "1261"]
[BlackElo "1001"]
[PlyCount "91"]
[EventDate "2022.02.11"]
[EventType "swiss"]
[EventRounds "7"]
[EventCountry "PAR"]
[SourceTitle "EXT 2023"]
[Source "ChessBase"]
[SourceDate "2022.10.05"]
[SourceVersion "1"]
[SourceVersionDate "2022.10.05"]
[SourceQuality "1"]

1. c4 e5 2. Nc3 Nc6 3. g3 Bc5 4. Bg2 Nf6 5. d3 d6 6. Nf3 Be6 7. 0-0 0-0 8. Bg5 h6 9. Bd2 Qd7 10. Nd5 Ne8 11. e4 Bh3 12. Qc1 Bxg2 13. Kxg2 f5 14. b4 fxe4 15. dxe4 Bd4 16. Rb1 Nf6 17. Qc2 Rac8 18. b5 Ne7 19. h3 c6 20. bxc6 bxc6 21. Nxe7+ Qxe7 22. Nxd4 exd4 23. f3 c5 24. Rb5 Nd7 25. Rb7 Ra8 26. Rfb1 Qe6 27. f4 Nb6 28. R7xb6 axb6 29. Rxb6 Rfb8 30. f5 Qe7 31. Rxb8+ Rxb8 32. a4 Re8 33. Kf3 Ra8 34. a5 Qb7 35. g4 Rb8 36. h4 Qb3+ 37. Qxb3 Rxb3+ 38. Kf4 Rb2 39. Be1 Ra2 40. e5 dxe5+ 41. Kf3 Rxa5 42. Bxa5 Kf7 43. Ke4 Kf6 44. Bb6 g6 45. fxg6 Kxg6 46. Bxc5 1-0

[Event "PAR-ch sf"]
[Site "Asuncion"]
[Date "2020.03.06"]
[Round "1"]
[White "Frutos Gibbons, Carlos"]
[Black "Centurion, Emilio"]
[Result "0-1"]
[WhiteElo "1239"]
[BlackElo "1852"]
[PlyCount "70"]
[EventDate "2020.03.06"]
[EventType "swiss"]
[EventRounds "7"]
[EventCountry "PAR"]
[SourceTitle "CBM 195 Extra"]
[Source "ChessBase"]
[SourceDate "2020.05.31"]
[SourceVersion "1"]
[SourceVersionDate "2020.05.31"]
[SourceQuality "1"]

1. c4 Nf6 2. Nf3 Nc6 3. Nc3 e5 4. e4 Bc5 5. Nxe5 Bxf2+ 6. Kxf2 Nxe5 7. h3 Nxe4+ 8. Kg1 Nxc3 9. dxc3 0-0 10. Bf4 Ng6 11. Bg3 Qg5 12. Kh2 d6 13. Bd3 f5 14. Rf1 f4 15. Bf2 Bf5 16. Bxf5 Rxf5 17. Qg4 Qf6 18. Bd4 Qf7 19. Rae1 c5 20. Bxg7 Kxg7 21. Re7 Qxe7 22. Qxf5 Rf8 23. Qg4 Kh8 24. Qf3 Nh4 25. Qf2 Qg5 26. Re1 Rg8 27. Rg1 Qg3+ 28. Qxg3 fxg3+ 29. Kh1 Rf8 30. b4 Rf2 31. a4 Ng6 32. b5 Nf4 33. a5 Nxh3 34. Rd1 Nf4 35. Rxd6 Rf1# 0-1

[Event "PAR-ch sf"]
[Site "Asuncion"]
[Date "2019.09.08"]
[Round "5"]
[White "Frutos Gibbons, Carlos"]
[Black "Torales G, Ivan Alejandro B"]
[Result "1-0"]
[WhiteElo "1182"]
[BlackElo "1068"]
[PlyCount "90"]
[EventDate "2019.09.06"]
[EventType "swiss"]
[EventRounds "9"]
[EventCountry "PAR"]
[SourceTitle "EXT 2020"]
[Source "ChessBase"]
[SourceDate "2019.10.17"]
[SourceVersion "1"]
[SourceVersionDate "2019.10.17"]
[SourceQuality "1"]

1. Nf3 Nc6 2. c4 e5 3. e4 Bc5 4. Nc3 Nf6 5. Nxe5 Nxe5 6. d4 Bxd4 7. Qxd4 d6 8. Bg5 c5 9. Qd2 Be6 10. b3 0-0 11. 0-0-0 Ned7 12. Qxd6 Qa5 13. Kb2 Qxc3+ 14. Kxc3 Nxe4+ 15. Kb2 Nxd6 16. Rxd6 a5 17. a4 h6 18. Bh4 Ra6 19. Rxa6 bxa6 20. Bd3 Ne5 21. Rd1 Nxd3+ 22. Rxd3 Bf5 23. Rd8 Rxd8 24. Bxd8 Be4 25. g3 Kh7 26. Bxa5 Kg6 27. Bb6 Kg5 28. Bxc5 Kg4 29. Kc3 Kf3 30. Be3 g5 31. Kd4 Bc2 32. Kc3 Be4 33. b4 Bc6 34. a5 Kg2 35. h4 gxh4 36. gxh4 Kh3 37. Bxh6 Kxh4 38. Kd4 Kh5 39. Be3 Kg6 40. Kc5 Be8 41. b5 axb5 42. cxb5 Kf6 43. a6 Ke7 44. a7 Kd7 45. a8Q Ke7 1-0

[Event "Asuncion Clasificatorio op 4th"]
[Site "Asuncion"]
[Date "2018.06.11"]
[Round "6"]
[White "Frutos Gibbons, Carlos"]
[Black "Cantero, Rodolfo"]
[Result "0-1"]
[WhiteElo "1180"]
[BlackElo "2053"]
[PlyCount "78"]
[EventDate "2018.06.08"]
[EventType "swiss"]
[EventRounds "7"]
[EventCountry "PAR"]
[SourceTitle "CBM 184 Extra"]
[Source "ChessBase"]
[SourceDate "2018.06.28"]
[SourceVersion "1"]
[SourceVersionDate "2018.06.28"]
[SourceQuality "1"]

1. e4 c5 2. g3 g6 3. Nf3 Bg7 4. Bg2 Nc6 5. c3 d6 6. h3 e5 7. b4 Nge7 8. bxc5 dxc5 9. 0-0 0-0 10. Qe2 b6 11. d3 Ba6 12. Rd1 Qd7 13. Be3 Rad8 14. Bf1 f5 15. Ne1 fxe4 16. c4 Bxc4 17. Qc2 Be6 18. Kh2 Nd4 19. Qd2 Nf3+ 20. Nxf3 exf3 21. Nc3 Nd5 22. Ne4 Nxe3 23. Qxe3 Qd4 24. Ng5 Qxe3 25. fxe3 Bf5 26. e4 Bc8 27. h4 Bh6 28. Nh3 Be3 29. Re1 Bd4 30. Rac1 h6 31. Rc2 Rd6 32. Rb1 Rfd8 33. Rb3 Kf7 34. a4 Ba6 35. g4 Be3 36. Kg3 Bxd3 37. Bxd3 Rxd3 38. Rxd3 Rxd3 39. Kxf3 Bf4+ 0-1